[Event "Bogota op 02"]
[White "Bernal Posada, Diego"]
[Black "Vallejo Roman, Alberto"]
[Site "Bogota"]
[Round "6"]
[Result "0-1"]
[Date "2012.02.26"]
[WhiteElo "1593"]
[BlackElo "1600"]
[PlyCount "56"]
[EventDate "2012.02.23"]
[EventType "swiss"]
[EventRounds "7"]
[EventCountry "COL"]
[SourceTitle "CBM 147 Extra"]
[Source "ChessBase"]
[SourceDate "2012.04.24"]
[SourceVersion "1"]
[SourceVersionDate "2012.04.24"]
[SourceQuality "1"]

1. e4 g6 2. d4 d6 3. Nf3 Bg7 4. Bc4 Nf6 5. Ng5 0-0 6. Nc3 c6 7. d5 b5 8. Bd3 b4 9. Ne2 c5 10. b3 h6 11. Nf3 Nxe4 12. Bxe4 Bxa1 13. Bxh6 Bg7 14. Bxg7 Kxg7 15. Ng5 Nd7 16. Nf4 Nf6 17. Qa1 Kh6 18. h4 Nxe4 19. Qc1 Nxg5 20. hxg5+ Kg7 21. Qe3 Rh8 22. Rf1 a5 23. Qc1 a4 24. Qb2+ Kg8 25. Kd1 a3 26. Qc1 Qf8 27. Qe3 Bd7 28. Re1 Re8 0-1